MDQL
is popping MORE tags! Check the
thread
!
Quizzes
Events
Quiz Creation
Community
Videos
Private Events
Remove Ads
Sign In
Join for FREE
Feedback
Dark Mode
Quiz Categories
Sports
Geography
Music
Movies
Television
Just For Fun
Miscellaneous
History
Literature
Language
Science
Gaming
Entertainment
Religion
Holiday
For Kids
Quiz Lab
Recent
Popular Today
Quiz Kudos Today
Editor Picks
Curator Picks
Quizzes by...
Day
Popularity
Type
Ratings
Length
Year
Community
Subscriptions
Recent Discussions
Orange Saloon
Badges
Playlists
Quests
Create
Leaderboards
Showdown
Live 5
Trivia Bingo
Activity
Puzzle Library
Sporcle Events
Private Events
Virtual Trivia
Globe League
Become a Host
Pub Owners
SporcleCon
Opinionation
Our Games
Videos
Blog
Mobile Apps
Partnerships
Remove Ads and Go Orange
Feedback
Literature
Harry Potter
A Song of Ice and Fire
The Hunger Games
Literary Character
Shakespeare
Book
Author
Novel
Poem
Young Adult
Children's Books
Play
Lord of the Rings
Literature
Harry Potter
A Song of Ice and Fire
The Hunger Games
Literary Character
Shakespeare
Book
Author
Novel
Poem
Young Adult
Children's Books
Play
Lord of the Rings
Random Quiz
Search Sporcle
×
Quiz Lab
Quiz Lab
Literature
Quote
Type in answers that appear in a list
Type in answers that appear in a list
Classic
Best Score? Go Orange.
Harry Potter Characters by Quotes Stats
Can you name the Harry Potter Characters by Quotes?
By
d3bates
4m
20 Questions
2,435 Plays
2,435 Plays
2,435 Plays
Comments
Comments
Give Quiz Kudos
Give Quiz Kudos
-
- Ratings
hide this ad
More Info
Forced Order
Answers have to be entered in order
Answers have to be entered in order
Replay
Link that replays current quiz
Next Quiz
Link to next quiz in quiz playlist
You Got
0%
They Got
Avg Score
63%
Avg Friend Score
Upgrade to see
Score Distribution
Jump to the score distribution portion of the page
Score
0/20
Timer
04:00
0
Plays Today
Quotes
Characters
% Correct
Hippogriffs! Beau'iful, aren' they?
Rubeus Hagrid
94.7%
Touch nothing, Draco.
Lucius Malfoy
86.1%
I said disarm only!
Professor Lockhart
85.5%
Come...come to me....Let me rip you....Let me tear you....Let me kill you....
The Basilisk
85.2%
Potter! Weasley! Will you pay attention?
Professor McGonagall
83.7%
CONSTANT VIGILANCE!
Mad-Eye Moody (Barty Crouch Jr.)
77.5%
Stag? It's a goat, idiot!
Aberforth Dumbledore
77.5%
S'up, Figgy?
Mundungus Fletcher
72.1%
IT WILL HAPPEN TONIGHT.
Professor Trelawney
65.7%
Hurry up, Remus.
Sirius
64.4%
Quotes
Characters
% Correct
I...must...not...look...like...a...baboon's...backside...
Roonil Wazlib (Ron)
61.3%
Yeah, but you, unlike me, are a git.
Harry
58.9%
You are an unusual wizard, Harry Potter.
Griphook
53.4%
You cannot despise me more than I despise myself.
Albus Dumbledore
51.2%
Missing the elephant-
man?
Draco Malfoy
50.7%
I don't need help from filthy little Mudbloods like her!
Snivellus Snape (Severus)
47.1%
...I only know one word in Gobbledegook. Bladvak. It means 'pickax'. I don't like to use it in case they think I'm threatening them.
Ludovic Bagman
47%
He should never have let that excuse for a human upset him! Come on!
Hermione
45.3%
I'll Cruciate the lot of 'em till they tell me who did it -
and what's the Dark Lord going to say?
Amycus Carrow
43.4%
He cheeked me.
Dudley
14.5%
Quiz Playlist
Details
Report
Send in Message
Add To Playlist
More Info:
These quotes are taken from the USA editions of the Harry Potter series. And yes, the sixteenth quote is unfinished.
Classic:
Type in answers that appear in a list
Forced Order:
Answers have to be entered in order
Last Updated: Feb 16, 2017
Quiz Scoreboard
CHALLENGE
Sign Up to Join the Scoreboard
Show All
Scores
Hide
Comments
May contain spoilers
Recently Published
Two Season TV Shows II
by 123Four
Television
10m
Image Sorting: Flags VI
by Barbecue
Geography
2m
Find the 'City' Movie
by crazypaving
Movies
60s
More to Explore
Quiz From the Vault
Featured Blog Post
14 Easter Pick-up Lines to Find Eggs With
hide this ad
You Might Also Like...
Tags
Harry Potter Quiz
Quote Quiz
Character
Today's Top Quizzes in Literature
Browse Literature
hide this ad
Today's Top Quizzes in Quote
Browse Quote
Top Contributed Quizzes in Literature
1
Sneaky Slytherin Logic Puzzle
2
Criteria Quiz: Harry Potter Deaths
3
Harry Potter logic puzzle: The Hogwarts Soap Opera
4
Weasley Family Reunion: Logic Puzzle
5
Get The Picture: Black or White Literature
6
'Middle' Earth
7
Harry Potter Slytherin Logic Puzzle
8
Logic Puzzle: Avoid Dumbledore's Army
9
ASOIAF Siblings Logic Puzzle
10
The Men of ASOIAF - Logic Puzzle (Hard)
Explore More
Trending Topics
Marvel
Anime
NBA
Harry Potter
Kpop
Crossword
Disney
NFL
Soccer
Pokémon
The Office
Song
Puzzle
Country
WWE
hide this ad
More By:
d3bates
Quiz
Plays
Rating
Category
Featured
Created
Pokémon with Symbols
47,790
4.22
Gaming
Apr 4, 2010
Random Harry Potter Questions
14,083
2.78
Literature
Feb 11, 2010
RuneScape Skills
6,567
3.05
Gaming
Feb 27, 2010
10 Harry Potter Characters
3,101
2.88
Literature
Mar 18, 2010
Types of Poke Balls
2,548
2.67
Gaming
Feb 27, 2010
Go to Creator's Profile
Score Distribution
Quiz Creator Spotlight
d3bates
Follow
Send a Message
Quizzes Created
-
Created Quiz Play Count
-
More By This Creator
Popular Quizzes Today
1
Find the US States - No Outlines Minefield
2
Colored Red Africa Blitz
3
Find the 'City' Movie
4
5x2 Blitz: Bands
5
The Countries of the World
6
Find the Countries of Europe - No Outlines Minefield
7
Find the US States
8
US States
More Literature Quizzes
Epic Poem by First Line
Editor's Pick
Trending Quizzes
Colored Red Europe Blitz I
Colored Red Africa Blitz II
Colored Red Europe Blitz II
Colored Red Africa Blitz III
Even More Two Season TV Shows
Recently Updated
March Madness Men's Triple Doubles
pecheneg
How Do You Spell That?
pecheneg
Godzilla Movies
pecheneg
Grab Bag: 4-10 Letters
pecheneg
2024 March Madness Bracket
pecheneg
Famous TV Couples
Peacemaker
Champions League XIs: Real Madrid
pecheneg
Largest US Cities 1790-2010
pecheneg
Rides in Walt Disney World
pecheneg
Most Oscar Losses (Acting)
pecheneg
Trending Topics
Anime
Harry Potter
Marvel
Disney
NBA
Crossword
Kpop
WWE
Pokémon
The Office
Puzzle
Song
Country
NFL
Soccer
Your Account Isn't Verified!
In order to create a playlist on Sporcle, you need to verify the email address you used during registration. Go to your
Sporcle Settings
to finish the process.
Report this User
Report this user for behavior that violates our
Community Guidelines
.
Details:
Send Report
Go to the Sporcle.com Mobile Site →
Comments